| 000 | 00638nam a22001937a 4500 | ||
|---|---|---|---|
| 999 |
_c165482 _d165482 |
||
| 005 | 20190619160941.0 | ||
| 010 | _aUR-10221 | ||
| 020 |
_c250.00 _a9789388736329 |
||
| 035 | _aU-8776 | ||
| 037 | _bDBAD/PUB | ||
| 082 | _a844.08 | ||
| 100 | _aا قبا ل حسين | ||
| 245 |
_aتيشہء نظر _cا قبا ل حسين |
||
| 246 |
_bTesha-e-Nazar (Urdu) _aby Dr, Iqbal Hussain |
||
| 260 |
_a Delhi _bEducational Publishing House _c2018 ء |
||
| 270 |
_a3191،Vakil Street,Kucha Pandit,Lal Kuan, _bDelhi _e110006 _k23216162 _l00911123211540 |
||
| 300 |
_a192ص _c22 Cm(Hb) |
||
| 942 |
_2ddc _cUR _h844.08 _mا ق ب |
||